Normal view
MARC view
- Società San Paolo
Entry Personal Name
001 - CONTROL NUMBER
- control field: 274
003 - CONTROL NUMBER IDENTIFIER
- control field: IT-RoPau
005 - DATE AND TIME OF LATEST TRANSACTION
- control field: 20130128095105.0
008 - FIXED-LENGTH DATA ELEMENTS
- fixed length control field: 130128|| aca||aabn | a|a d
040 ## - CATALOGING SOURCE
- Original cataloging agency: IT-RoPau
- Transcribing agency: IT-RoPau
100 ## - HEADING--PERSONAL NAME
- Personal name: Società San Paolo
670 ## - SOURCE DATA FOUND
- Source citation: Work cat.: (IT-RoPau)23736: Società San Paolo, Calendario Paolino 1970, 1969